000 01030nam a22003617a 4500
001 BR7602548
003 BR-BrBNA
005 20230928084951.0
007 ta
008 230509b bl.||||| |||| 00| 0 por d
040 _aBR-BrBNA
_bpor
_cBiblioteca Nacional de Agricultura
041 _a(Por)
072 _aL00; E15
_b/G514
090 _ L00 BR7602548
100 1 _aRibeiro, J.C.
100 1 _aPatto, J.M.
100 1 _aTeixeira, T.
100 1 _aDias Filho, F. de C.
100 1 _aOliveira, R.A.S. de
110 1 _aGoverno do Estado de Goias, Goiania (Brasil)
_95285
245 1 _aSubsidios para o governo Irapuan Costa Junior, 2: Pecuaria goiana
260 3 _aGoiania, GO (Brasil):
_bEditora Oriente,
_c[nd].
300 _a147 p.
500 _a153 tables; Published after 1975
650 _aProducao animal
650 _aMicroeconomia
650 _aRebanho
650 _aProdutividade
650 _aEstatistica de producao
650 _aGoias
909 _a202309
_bLucia
_c55
_dLucia Elande
942 _cBK
999 _c22162
_d22162